[Event "World Junior Open 2015"]
[Site "Khanty-Mansiysk RUS"]
[Date "2015.09.05"]
[Round "4.18"]
[White "Ratkovic, Miloje"]
[Black "Barbot, Pierre1"]
[Result "1/2-1/2"]
[BlackTitle "FM"]
[WhiteElo "2388"]
[BlackElo "2455"]
[WhiteFideId "914517"]
[BlackFideId "663727"]
[EventDate "2015.09.02"]

1. d4 Nf6 2. c4 e6 3. Nf3 Bb4+ 4. Nbd2 b6 5. e3 Bb7 6. Bd3 O-O 7. O-O d5 8. b3
Nbd7 9. Bb2 Ne4 10. Qc2 f5 11. Rfd1 Ndf6 12. h3 g5 13. a3 Bxd2 14. Nxd2 g4 15.
f3 Nxd2 16. Rxd2 gxf3 17. gxf3 Kh8 18. c5 Nh5 19. Rg2 a5 20. Kh2 Ba6 21. Bxa6
Rxa6 22. Rag1 Qd7 23. Bc3 Raa8 24. Be1 Qe7 25. Rg5 Qf7 26. cxb6 cxb6 27. Qc6 f4
28. Qd6 Rg8 29. Qe5+ Ng7 30. Bh4 Raf8 31. e4 dxe4 32. fxe4 f3 33. Bf2 h6 34.
R5g4 Kh7 35. R1g3 Nh5 36. Rxg8 Rxg8 37. Rxg8 Qxg8 38. Qc7+ Kh8 39. Bg3 Qg6 40.
Be5+ Kg8 41. Qd8+ Kf7 42. Qc7+ 1/2-1/2

[Event "World Junior Open 2015"]
[Site "Khanty-Mansiysk RUS"]
[Date "2015.09.05"]
[Round "4.19"]
[White "Studer, Noel"]
[Black "Beradze, Irakli"]
[Result "1/2-1/2"]
[WhiteTitle "IM"]
[WhiteElo "2422"]
[BlackElo "2380"]
[WhiteFideId "1319620"]
[BlackFideId "13604597"]
[EventDate "2015.09.02"]

1. e4 e6 2. d4 d5 3. Nd2 Nf6 4. e5 Nfd7 5. Bd3 c5 6. c3 b6 7. Nh3 Ba6 8. Bxa6
Nxa6 9. O-O Be7 10. Qg4 O-O 11. Nf3 Kh8 12. Nfg5 h6 13. Nxf7+ Rxf7 14. Qxe6 Kg8
15. Qxd5 Nf8 16. Qe4 Nc7 17. dxc5 Bxc5 18. b4 Be7 19. Nf4 Bg5 20. c4 Bxf4 1/2-1/2

[Event "World Junior Open 2015"]
[Site "Khanty-Mansiysk RUS"]
[Date "2015.09.05"]
[Round "4.20"]
[White "Hasenohr, Benedict"]
[Black "Carneiro, Vitor Roberto Castro"]
[Result "0-1"]
[WhiteTitle "FM"]
[BlackTitle "CM"]
[WhiteElo "2309"]
[BlackElo "2405"]
[WhiteFideId "1303309"]
[BlackFideId "2130106"]
[EventDate "2015.09.02"]

1. d4 Nf6 2. Nf3 g6 3. Bg5 Bg7 4. Nbd2 O-O 5. e4 d6 6. c3 h6 7. Be3 Nbd7 8. h3
e5 9. Bc4 exd4 10. cxd4 d5 11. exd5 Nb6 12. Bb3 Nfxd5 13. O-O Bf5 14. Nc4 Nxc4
15. Bxc4 c6 16. Ne5 Nxe3 17. fxe3 Bxe5 18. dxe5 Qe7 19. Qd6 Rae8 20. e4 Be6 21.
Be2 Bc8 22. Bc4 Be6 23. Be2 Qg5 24. Rf3 Rd8 25. Qc5 Rd2 26. Bf1 Rxb2 27. Rd1
Rxa2 28. Rd6 b6 29. Qc3 Ra5 30. Rxc6 Qxe5 31. Qxe5 Rxe5 32. Ra3 Rxe4 33. Rxa7
Rb8 34. Bd3 Re3 35. Bc2 Rg3 36. Kf2 Rxg2+ 0-1

[Event "World Junior Open 2015"]
[Site "Khanty-Mansiysk RUS"]
[Date "2015.09.05"]
[Round "4.21"]
[White "Ererdem, Gani Eren"]
[Black "Johansson, Linus"]
[Result "1/2-1/2"]
[BlackTitle "IM"]
[WhiteElo "2213"]
[BlackElo "2400"]
[WhiteFideId "6310915"]
[BlackFideId "1711113"]
[EventDate "2015.09.02"]

1. Nf3 Nf6 2. c4 c5 3. g3 g6 4. Bg2 Bg7 5. O-O O-O 6. Nc3 Nc6 7. d4 d6 8. d5 Na5
9. Qd3 a6 10. Bg5 h6 11. Bd2 b5 12. cxb5 axb5 13. Qxb5 Ba6 14. Qa4 Nc4 15. Bc1
Nd7 16. Qc2 Qa5 17. Nd2 Nde5 18. Nb3 Qb4 19. f4 Ng4 20. Rf3 Rfb8 21. h3 Nf6 22.
e4 Nxb2 23. e5 Ne8 24. Bxb2 c4 25. Ne4 cxb3 26. axb3 1/2-1/2

[Event "World Junior Open 2015"]
[Site "Khanty-Mansiysk RUS"]
[Date "2015.09.05"]
[Round "4.22"]
[White "Akash, G"]
[Black "Serikbay, Chingiz"]
[Result "1/2-1/2"]
[WhiteTitle "IM"]
[BlackTitle "FM"]
[WhiteElo "2382"]
[BlackElo "2272"]
[WhiteFideId "5040299"]
[BlackFideId "13707604"]
[EventDate "2015.09.02"]

1. b3 e5 2. Bb2 Nc6 3. e3 Nf6 4. Bb5 Bd6 5. Na3 a6 6. Bxc6 dxc6 7. Nc4 Qe7 8. a4
O-O 9. Ne2 c5 10. d3 Bg4 11. e4 Nd7 12. Ne3 Be6 13. O-O f6 14. Kh1 b5 15. c4 c6
16. Qc2 Rfb8 17. Bc3 Bc7 18. Ra2 b4 19. Ba1 Rd8 20. g3 Nf8 21. f4 Qd6 22. Nc1
Bh3 23. Rf3 Bd7 24. f5 Kf7 25. g4 h6 26. h4 Ke7 27. g5 hxg5 28. hxg5 Nh7 29.
gxf6+ gxf6 30. Qd1 Ng5 31. Rh2 Rh8 32. Rf2 Rag8 33. Rxh8 Rxh8+ 34. Rh2 Rxh2+ 35.
Kxh2 Be8 36. Kg2 Kf8 37. Qh1 Kg8 38. Ng4 Qf8 39. Kf2 Qg7 40. Ne2 Bd8 41. Bb2 Qh7
42. Qxh7+ Kxh7 43. Ng3 Nh3+ 44. Kf3 Nf4 45. Nf2 Bh5+ 46. Nxh5 Nxh5 47. Bc1 Ng7
48. Be3 Be7 49. Ng4 Ne8 50. Kg3 Kg7 51. Kh4 Kh7 52. Nh2 Kg7 53. Nf3 Kh7 54. Kh5
Ng7+ 55. Kg4 Ne8 56. Nh4 Bd6 57. Ng6 Ng7 58. Nh4 Ne8 59. Nf3 Be7 60. Nh2 Kg7 61.
Kh4 Kh7 62. Ng4 Kg7 63. Kh5 Kh7 64. Nf2 Ng7+ 65. Kg4 a5 66. Kh4 Ne8 67. Ng4 Bf8
68. Kg3 Be7 69. Kf3 Bf8 70. Bf2 Kg7 71. Bg3 Bd6 72. Bh4 Bf8 73. Kg3 Bd6 74. Nh2
Kh6 75. Kg4 Kg7 76. Nf3 Kh6 77. Bf2 Kg7 78. Bg3 Kh7 79. Kh4 Kg7 80. Nh2 Kh7 81.
Bf2 Kg7 82. Kh5 Kh7 83. Be3 Ng7+ 84. Kh4 Ne8 85. Nf1 Be7 86. Kh5 Ng7+ 87. Kg4
Bd6 88. Bf2 Be7 89. Nh2 Ne8 90. Nf3 Bd6 91. Bh4 Kg7 92. Nh2 Kh6 93. Kh3 Kh7 94.
Ng4 Kg7 95. Kh2 Bf8 96. Kg2 Bd6 97. Kf3 Bf8 98. Nxe5 fxe5 99. Bd8 Bd6 100. Bxa5
Bc7 101. Bxc7 Nxc7 102. Kg4 Kf6 103. Kh5 Na6 104. Kh6 Nc7 105. Kh7 Kf7 106. a5
Na6 107. Kh6 Kf6 108. Kh7 Kf7 109. Kh6 Kf6 110. Kh7 Kf7 1/2-1/2

[Event "World Junior Open 2015"]
[Site "Khanty-Mansiysk RUS"]
[Date "2015.09.05"]
[Round "4.23"]
[White "Bilguun, Sumiya"]
[Black "Taalaibekov, Tagir"]
[Result "1-0"]
[WhiteTitle "FM"]
[WhiteElo "2343"]
[BlackElo "2222"]
[WhiteFideId "4901541"]
[BlackFideId "13801163"]
[EventDate "2015.09.02"]

1. e4 e6 2. d4 d5 3. Nd2 c5 4. Ngf3 Nc6 5. exd5 exd5 6. Bb5 Bd6 7. dxc5 Bxc5 8.
O-O Ne7 9. Nb3 Bd6 10. Re1 O-O 11. h3 h6 12. Nbd4 a6 13. Bd3 Qc7 14. c3 Bd7 15.
Be3 Rae8 16. Bc2 Nxd4 17. Nxd4 f5 18. Qf3 Rf6 19. Rad1 Kh8 20. Bc1 Rg8 21. h4 f4
22. Re2 g5 23. Rde1 Ng6 24. hxg5 Nh4 25. Qh5 Nxg2 26. gxf6 Nxe1+ 27. Kf1 Bf8 28.
Kxe1 Bg4 29. Qh2 Bxe2 30. Bxf4 Qf7 31. Nxe2 h5 32. Ng3 Rg4 33. Nxh5 Kg8 34. Bf5
Qe8+ 35. Kd2 1-0

[Event "World Junior Open 2015"]
[Site "Khanty-Mansiysk RUS"]
[Date "2015.09.05"]
[Round "4.24"]
[White "Bogdanov, Egor"]
[Black "Dutreuil, Raphael"]
[Result "1-0"]
[WhiteElo "2333"]
[BlackElo "2166"]
[WhiteFideId "14119137"]
[BlackFideId "20630999"]
[EventDate "2015.09.02"]

1. e4 c5 2. Nf3 Nc6 3. d4 cxd4 4. Nxd4 Nf6 5. Nc3 e5 6. Ndb5 d6 7. Bg5 a6 8. Na3
b5 9. Nd5 Be7 10. Bxf6 Bxf6 11. c4 b4 12. Nc2 a5 13. g3 O-O 14. h4 a4 15. Ndxb4
Nxb4 16. Nxb4 Qb6 17. Qd2 Qb7 18. Bg2 Be6 19. Rc1 Bd8 20. a3 Bb6 21. O-O Rfc8
22. Nd5 Bd4 23. h5 h6 24. Rc2 Bxd5 25. exd5 Qb3 26. Rfc1 Rc7 27. Kh2 Rb8 28. Be4
Rcb7 29. Rb1 Qa2 30. Rbc1 Rxb2 31. Qe2 Qxa3 32. Qg4 Bxf2 33. Rf1 Rxc2 34. Bxc2
Qe3 35. Kg2 Be1 36. Kh3 a3 37. Rf3 Qg5 38. Qe4 Qxh5+ 39. Kg2 Bb4 40. Qh7+ 1-0

[Event "World Junior Open 2015"]
[Site "Khanty-Mansiysk RUS"]
[Date "2015.09.05"]
[Round "4.25"]
[White "Isaev, Chyngyz"]
[Black "Popov, Mikhail"]
[Result "0-1"]
[BlackTitle "FM"]
[WhiteElo "2163"]
[BlackElo "2327"]
[WhiteFideId "13801660"]
[BlackFideId "4146182"]
[EventDate "2015.09.02"]

1. d4 d6 2. e4 g6 3. Be3 Bg7 4. Nc3 a6 5. a4 Nf6 6. f3 c6 7. a5 b5 8. axb6 Qxb6
9. Na4 Qc7 10. Qd2 Nbd7 11. Nh3 c5 12. dxc5 dxc5 13. Be2 O-O 14. O-O Rd8 15.
Rfd1 Bb7 16. Qe1 Nh5 17. Qf2 Rac8 18. Kh1 Bf6 19. Rab1 Ng7 20. b3 Ne6 21. Nb2
Nd4 22. Bf1 Nb5 23. Na4 Bd4 24. c4 Nc3 25. Nxc3 Bxc3 26. Nf4 e5 27. Nd5 Bxd5 28.
cxd5 Qd6 29. Qa2 Ra8 30. g3 Rdb8 31. Bh3 Bd4 32. Bxd7 Qxd7 33. Bxd4 exd4 34. Qc2
Rb5 35. Qc4 Qd6 36. Ra1 Rb4 37. Qc2 Rab8 38. Rd3 Qb6 39. e5 Rxb3 40. Rxb3 Qxb3
41. Qe4 d3 42. e6 d2 43. exf7+ Kf8 44. Qe2 Qxd5 45. Rd1 Rd8 46. Kg2 c4 0-1

[Event "World Junior Open 2015"]
[Site "Khanty-Mansiysk RUS"]
[Date "2015.09.05"]
[Round "4.26"]
[White "Kirk, Ezra"]
[Black "Fontaine, Quentin"]
[Result "0-1"]
[WhiteTitle "FM"]
[WhiteElo "2315"]
[BlackElo "2122"]
[WhiteFideId "600067"]
[BlackFideId "230804"]
[EventDate "2015.09.02"]

1. d4 Nf6 2. c4 e5 3. dxe5 Ng4 4. Nf3 Bc5 5. e3 Nc6 6. Be2 O-O 7. O-O Re8 8. Nc3
Ngxe5 9. Nxe5 Nxe5 10. b3 a5 11. Bb2 Ra6 12. Qd5 Bf8 13. Ne4 Rae6 14. Ng3 b6 15.
Rad1 g6 16. f4 Rd6 17. Qa8 Rxd1 18. Rxd1 Nc6 19. Bf3 Nb4 20. Nf1 Nxa2 21. e4 Nb4
22. e5 c6 23. Qa7 Bc5+ 24. Kh1 Qh4 25. Ng3 d5 26. cxd5 cxd5 27. f5 gxf5 28. Bc3
Qe7 29. Qxe7 Rxe7 30. Nh5 Kf8 31. Nf6 d4 32. h4 Rxe5 33. Bxd4 Bxd4 34. Rxd4 Ke7
35. Nxh7 f6 36. h5 Be6 37. h6 Bg8 38. Rd7+ Kxd7 39. Nxf6+ Ke7 40. Nxg8+ Kf7 41.
h7 Kg7 42. Nf6 Re6 43. Nd7 Rd6 44. Ne5 Kxh7 45. Kh2 b5 0-1

[Event "World Junior Open 2015"]
[Site "Khanty-Mansiysk RUS"]
[Date "2015.09.05"]
[Round "4.27"]
[White "Sanal, Vahap"]
[Black "Lootens, Matthias"]
[Result "1-0"]
[WhiteTitle "IM"]
[WhiteElo "2522"]
[BlackElo "1935"]
[WhiteFideId "6300545"]
[BlackFideId "218634"]
[EventDate "2015.09.02"]

1. Nf3 d5 2. g3 e6 3. Bg2 Nf6 4. O-O c5 5. d3 Nc6 6. Nbd2 Be7 7. e4 O-O 8. Re1
b5 9. e5 Nd7 10. Nf1 Bb7 11. c3 Qb6 12. h4 d4 13. c4 bxc4 14. dxc4 Qb4 15. Qe2
Rab8 16. h5 Rfd8 17. b3 d3 18. Qd1 Qc3 19. Rb1 Qc2 20. Bb2 Nb4 21. a3 Qxd1 22.
Rexd1 Nc2 23. Rxd3 Be4 24. Rd2 Rxb3 25. Rbd1 Rxb2 26. Rxd7 Rxd7 27. Rxd7 Rb7 28.
Rd2 Nxa3 29. Ne3 f6 30. Ra2 Nb1 31. Ra6 Kf7 32. Ng5+ fxg5 33. Bxe4 Rb4 34. Bxh7
Nd2 35. Bg6+ Kf8 36. Rxa7 Rb8 37. Kg2 Nb3 38. Kf3 Rd8 39. Ra6 Nd4+ 40. Kg4 Rc8
41. Be4 Kg8 42. Ra7 Kf8 43. Nd1 Nb3 44. Nc3 Nd2 45. Ra6 Rd8 46. Rxe6 Rd4 47. Kf5
Nxe4 48. Nxe4 Rxc4 49. Ra6 Rd4 50. Ra8+ Kf7 51. e6# 1-0

[Event "World Junior Open 2015"]
[Site "Khanty-Mansiysk RUS"]
[Date "2015.09.05"]
[Round "4.28"]
[White "Megalios, Konstantinos"]
[Black "Menezes, Christoph"]
[Result "1/2-1/2"]
[BlackTitle "FM"]
[WhiteElo "2242"]
[BlackElo "2364"]
[WhiteFideId "4238044"]
[BlackFideId "1617001"]
[EventDate "2015.09.02"]

1. d4 Nf6 2. c4 e6 3. g3 d5 4. Bg2 Bb4+ 5. Nd2 O-O 6. Nf3 b6 7. O-O Bb7 8. cxd5
exd5 9. Ne5 Re8 10. Ndc4 h6 11. Qa4 Bf8 12. Bf4 Qc8 13. Nd2 c5 14. Rac1 Nc6 15.
Ndf3 Qe6 16. Rfd1 g5 17. Be3 g4 18. Nh4 Nxe5 19. dxe5 Qxe5 20. b4 Ne4 21. bxc5
bxc5 22. Qd7 d4 23. Bxd4 cxd4 24. Qxb7 Nc3 25. Qd7 Rad8 26. Qxg4+ Qg5 27. Bf3
Nxd1 28. Rxd1 Qxg4 29. Bxg4 Re5 30. Kf1 Rb5 31. Rd2 a5 32. Bf3 a4 33. Be4 a3 34.
Nf3 Rb2 35. Bd3 Bb4 36. Rc2 Rxc2 37. Bxc2 Bc3 38. Ne5 Kf8 39. Bb3 f6 40. Nd3 Rb8
41. Bc4 Rb1+ 42. Kg2 Ke7 43. Kf3 1/2-1/2

[Event "World Junior Open 2015"]
[Site "Khanty-Mansiysk RUS"]
[Date "2015.09.05"]
[Round "4.29"]
[White "El Fazari, Mohamed Amin"]
[Black "Van Laeken, Jonathan"]
[Result "1-0"]
[WhiteElo "1832"]
[BlackElo "1866"]
[WhiteFideId "9002545"]
[BlackFideId "228567"]
[EventDate "2015.09.02"]

1. d4 Nf6 2. c4 e6 3. Nc3 Bb4 4. e3 O-O 5. Ne2 d5 6. a3 Bd6 7. Qc2 c6 8. Ng3 Re8
9. Bd3 Nbd7 10. O-O e5 11. cxd5 cxd5 12. Nb5 Bb8 13. Bd2 e4 14. Be2 a6 15. Nc3
h5 16. f4 exf3 17. Rxf3 Nf8 18. Raf1 Qd6 19. Na4 a5 20. Nc3 Bg4 21. Rxf6 gxf6
22. Bxg4 hxg4 23. Qf5 Rd8 24. Rf4 Ng6 25. Rxg4 Ra6 26. Nce2 Qe6 27. Qf3 Bxg3 28.
Nxg3 Kf8 29. h4 Ne7 30. Nh5 f5 31. Rg7 Ng6 32. Qg3 Qd6 33. Qg5 Rc8 34. Qxf5 Rc7
35. Be1 Qe6 36. Qg5 Rac6 37. Qd8+ Qe8 38. Rg8+ Kxg8 39. Qxe8+ Kh7 40. Nf6+ Rxf6
41. Qd8 Rfc6 42. h5 Ne7 43. Bg3 Rc1+ 44. Kh2 1-0

[Event "World Junior Open 2015"]
[Site "Khanty-Mansiysk RUS"]
[Date "2015.09.05"]
[Round "4.30"]
[White "Sabirov, Timur"]
[Black "Chumak, Dmitrii"]
[Result "0-1"]
[WhiteElo "1665"]
[BlackElo "1808"]
[WhiteFideId "44107323"]
[BlackFideId "34106658"]
[EventDate "2015.09.02"]

1. c4 c6 2. Nf3 d5 3. e3 Nf6 4. b3 Bg4 5. Bb2 e6 6. h3 Bh5 7. a3 Nbd7 8. d3 Qb6
9. Nbd2 Bxf3 10. Qxf3 Be7 11. Be2 dxc4 12. dxc4 Rd8 13. b4 a5 14. c5 Nxc5 15.
Bxf6 Bxf6 16. bxc5 Qb2 17. O-O Qxd2 18. Rfd1 Qb2 19. Rxd8+ Bxd8 20. Rd1 O-O 21.
Rd7 Bf6 22. g4 Qxa3 23. Rxb7 Qxc5 24. Rc7 Qc1+ 25. Kg2 c5 26. Qc6 Qe1 27. Qf3
Qb4 28. Qc6 a4 29. Qxc5 Qxc5 30. Rxc5 a3 31. Ra5 Bb2 32. Bc4 g6 33. Kf3 Rc8 34.
Ra4 Rxc4 35. Rxc4 a2 36. Ra4 a1=Q 37. Rxa1 Bxa1 38. Kg2 g5 39. e4 e5 40. Kf3 f6
41. Ke2 Kf7 42. Kd3 Ke6 43. Kc4 Bd4 44. f3 Kd6 45. Kb4 Kc6 46. Ka5 Bc5 47. Ka4
Kb6 48. Kb3 Kb5 49. Kc3 Bb4+ 50. Kd3 Kc5 51. Ke3 Kc4 52. f4 exf4+ 53. Kf3 Kd4
54. h4 h6 0-1

[Event "World Junior Open 2015"]
[Site "Khanty-Mansiysk RUS"]
[Date "2015.09.05"]
[Round "4.31"]
[White "O'Mahoney, Keegan"]
[Black "Dias, Matheus Nunes"]
[Result "1-0"]
[WhiteElo "1788"]
[BlackElo "1699"]
[WhiteFideId "2506190"]
[BlackFideId "2136570"]
[EventDate "2015.09.02"]

1. d4 Nf6 2. c4 g6 3. Nc3 Bg7 4. e4 d6 5. Nf3 O-O 6. Be2 e5 7. O-O Nc6 8. d5 Ne7
9. Ne1 Ne8 10. Be3 f5 11. f3 f4 12. Bf2 g5 13. c5 h5 14. cxd6 cxd6 15. a4 Nf6
16. a5 Ng6 17. Nb5 g4 18. Bxa7 g3 19. Bb6 Qe7 20. Qd2 Nh7 21. Bd3 Qh4 22. h3 Ng5
23. Nxd6 Bxh3 24. gxh3 Nxh3+ 25. Kg2 Nf2 26. Rxf2 Qh2+ 27. Kf1 Qh1+ 28. Ke2 gxf2
29. Bxf2 Nh4 30. Bxh4 Qxh4 31. Nxb7 Qg3 32. Kf1 Qh4 33. Qf2 Qe7 34. a6 Qb4 35.
Ra5 Rfc8 36. Rb5 Qa4 37. Nc5 Qa1 38. Rb7 Rf8 39. Qg2 Rf7 40. Ne6 Ra7 41. Nxg7
Raxb7 42. axb7 1-0

[Event "World Junior Open 2015"]
[Site "Khanty-Mansiysk RUS"]
[Date "2015.09.06"]
[Round "5.1"]
[White "Grigoryan, Karen H."]
[Black "Antipov, Mikhail Al."]
[Result "1-0"]
[WhiteTitle "GM"]
[BlackTitle "GM"]
[WhiteElo "2609"]
[BlackElo "2538"]
[WhiteFideId "13301004"]
[BlackFideId "4107012"]
[EventDate "2015.09.02"]

1. e4 c5 2. Nc3 Nc6 3. Nf3 g6 4. d4 cxd4 5. Nxd4 Bg7 6. Be3 Nf6 7. Bc4 O-O 8.
Bb3 d6 9. f3 Bd7 10. Qd2 Na5 11. g4 Rb8 12. h4 b5 13. h5 Nc4 14. Bxc4 bxc4 15.
Bh6 Bxh6 16. Qxh6 Qb6 17. Rd1 Qa5 18. hxg6 fxg6 19. g5 Rxb2 20. Ne2 Nh5 21. Rxh5
Rf7 22. Rh3 Rxc2 23. f4 Bg4 24. Rd2 Rxd2 25. Kxd2 Qb4 26. Qh4 Bxe2 27. Kxe2 Qb2+
28. Kd1 e5 29. f5 Qa1+ 30. Ke2 d5 31. Qe1 Qxe1+ 32. Kxe1 d4 33. Nd5 gxf5 34.
exf5 c3 35. f6 Rb7 36. Ne7+ Kf7 37. Rxh7+ Ke6 38. g6 Rb1+ 39. Ke2 c2 40. g7 Re1+
41. Kd3 1-0

[Event "World Junior Open 2015"]
[Site "Khanty-Mansiysk RUS"]
[Date "2015.09.06"]
[Round "5.2"]
[White "Duda, Jan-Krzysztof"]
[Black "Gordievsky, Dmitry"]
[Result "1-0"]
[WhiteTitle "GM"]
[BlackTitle "FM"]
[WhiteElo "2645"]
[BlackElo "2511"]
[WhiteFideId "1170546"]
[BlackFideId "24112798"]
[EventDate "2015.09.02"]

1. e4 c5 2. Nf3 d6 3. Bb5+ Nd7 4. d4 Nf6 5. e5 Qa5+ 6. Nc3 Ne4 7. Rb1 d5 8. e6
fxe6 9. O-O Nd6 10. Bxd7+ Bxd7 11. dxc5 Qxc5 12. Be3 Qc7 13. Bd4 O-O-O 14. Re1
Nf5 15. Be5 Qb6 16. Nd4 Nxd4 17. Bxd4 Qa6 18. Be5 Be8 19. b4 d4 20. b5 Qa5 21.
Bxd4 e5 22. Rxe5 e6 23. Qg4 Qa3 24. Re3 Qa5 25. Qxe6+ Bd7 26. Qc4+ Kb8 27. Be5+
Ka8 28. Nd5 Rc8 29. Nc7+ Kb8 30. Rd3 1-0

[Event "World Junior Open 2015"]
[Site "Khanty-Mansiysk RUS"]
[Date "2015.09.06"]
[Round "5.4"]
[White "Sunilduth Lyna, Narayanan"]
[Black "Van Foreest, Jorden"]
[Result "0-1"]
[WhiteTitle "IM"]
[BlackTitle "IM"]
[WhiteElo "2473"]
[BlackElo "2541"]
[WhiteFideId "5058422"]
[BlackFideId "1039784"]
[EventDate "2015.09.02"]

1. d4 d5 2. c4 c6 3. Nc3 dxc4 4. e3 b5 5. a4 b4 6. Ne4 Qd5 7. Ng3 Nf6 8. Be2
Nbd7 9. Nh3 Ba6 10. e4 Qa5 11. O-O e6 12. Be3 Be7 13. Ng5 O-O 14. Qc2 b3 15. Qc1
c5 16. Bd2 Qd8 17. Bxc4 Bxc4 18. Qxc4 cxd4 19. Qxd4 Nc5 20. Qxd8 Rfxd8 21. Bb4
Bf8 22. Bxc5 Bxc5 23. Nf3 Rac8 24. Rfc1 Ng4 25. Nh1 Bb6 26. h3 Nf6 27. Rxc8 Rxc8
28. a5 Bc7 29. e5 Nd5 30. Ng3 Rb8 31. Ne2 Rb5 32. Ned4 Rxa5 33. Rxa5 Bxa5 34.
Nxb3 Bb6 35. Kf1 h6 36. h4 Kh7 37. g3 Nb4 38. Ke2 Nc6 39. Nbd2 Kg6 40. Nc4 Bc5
41. Ne1 Nd4+ 42. Kd3 Kf5 43. Ng2 Nc6 44. Nge3+ Bxe3 45. Kxe3 Nxe5 46. Nd6+ Kf6
47. Kd4 Ng4 48. f3 Nh2 49. Ke3 Nf1+ 50. Kf2 Nd2 51. b4 Nb3 52. Ke3 Ke5 53. Nxf7+
Kd5 54. g4 Nd4 55. h5 Nc2+ 56. Kd2 Nxb4 57. f4 Ke4 58. g5 Nd5 59. gxh6 gxh6 60.
f5 exf5 61. Nxh6 Nf6 62. Nf7 Nxh5 63. Nd6+ Ke5 64. Nb5 a6 65. Nc3 Kd4 66. Nd1 f4
67. Nf2 Nf6 68. Ke2 a5 69. Nh3 a4 70. Nxf4 a3 71. Nd3 Kc3 72. Nc1 Kc2 73. Na2
Nd5 0-1

[Event "World Junior Open 2015"]
[Site "Khanty-Mansiysk RUS"]
[Date "2015.09.06"]
[Round "5.5"]
[White "Rambaldi, Francesco"]
[Black "Leiva, Giuseppe"]
[Result "1/2-1/2"]
[WhiteTitle "IM"]
[BlackTitle "IM"]
[WhiteElo "2540"]
[BlackElo "2400"]
[WhiteFideId "20657307"]
[BlackFideId "3804399"]
[EventDate "2015.09.02"]

1. c4 Nf6 2. Nc3 e5 3. Nf3 Nc6 4. a3 d5 5. cxd5 Nxd5 6. Qc2 Be7 7. e3 Nxc3 8.
bxc3 Bd6 9. d4 O-O 10. Be2 Re8 11. Bb2 e4 12. Nd2 Qg5 13. g3 Qg6 14. c4 Bf8 15.
Bf1 Nd8 16. Bg2 f5 17. O-O-O c5 18. Rhe1 Ne6 19. f3 Ng5 20. Kb1 Bd7 21. fxe4
fxe4 22. h4 Nf7 23. Ka2 Bf5 1/2-1/2

[Event "World Junior Open 2015"]
[Site "Khanty-Mansiysk RUS"]
[Date "2015.09.06"]
[Round "5.6"]
[White "Bajarani, Ulvi"]
[Black "Yuffa, Daniil"]
[Result "1-0"]
[WhiteTitle "GM"]
[BlackTitle "IM"]
[WhiteElo "2535"]
[BlackElo "2476"]
[WhiteFideId "13403028"]
[BlackFideId "24131423"]
[EventDate "2015.09.02"]

1. d4 Nf6 2. c4 g6 3. Nc3 Bg7 4. e4 d6 5. f4 O-O 6. Nf3 c5 7. d5 e6 8. dxe6 fxe6
9. Bd3 Nc6 10. O-O Nd4 11. Kh1 b6 12. Be3 Ng4 13. Bd2 e5 14. h3 Nf6 15. Nxd4
exd4 16. Nd5 Nxd5 17. exd5 Qh4 18. Qf3 Bd7 19. Be1 Qe7 20. Bd2 Qh4 21. Kh2 Rae8
22. g4 Rf7 23. Rae1 Rfe7 24. Rxe7 Rxe7 25. a3 a5 26. b3 Bh6 27. Kg2 Re8 28. Qg3
Qxg3+ 29. Kxg3 Rb8 30. Ra1 Ra8 31. Kf3 Kf7 32. Rb1 Ra7 33. Rb2 Ra8 34. h4 Bg7
35. Rb1 Ra7 36. Rh1 Ra8 37. h5 Re8 38. Rb1 Ra8 39. Bc1 Re8 40. b4 axb4 41. axb4
gxh5 42. gxh5 Re1 43. bxc5 dxc5 44. Bxh7 Ba4 45. Kf2 Rd1 46. Ra1 Bh6 47. Rxa4
Rxc1 48. Ra7+ Kf6 49. d6 Bxf4 50. d7 Ke7 51. Bf5 Rh1 52. Ra8 Bc7 53. Re8+ Kf6
54. Rc8 Rxh5 55. Bg4 Rh2+ 56. Kf3 1-0

[Event "World Junior Open 2015"]
[Site "Khanty-Mansiysk RUS"]
[Date "2015.09.06"]
[Round "5.7"]
[White "Bai, Jinshi"]
[Black "Vokhidov, Shamsiddin"]
[Result "1-0"]
[WhiteTitle "IM"]
[WhiteElo "2519"]
[BlackElo "2292"]
[WhiteFideId "8602280"]
[BlackFideId "14204223"]
[EventDate "2015.09.02"]

1. d4 Nf6 2. c4 e6 3. g3 Bb4+ 4. Bd2 Qe7 5. Nf3 Bxd2+ 6. Qxd2 Nc6 7. Nc3 d5 8.
Bg2 O-O 9. O-O dxc4 10. Ne5 Nxe5 11. dxe5 Nd7 12. Qd4 Qc5 13. Qxc5 Nxc5 14. Nb5
Bd7 15. Na3 Rad8 16. Nxc4 Bb5 17. Rfc1 b6 18. Bf1 Bxc4 19. Rxc4 a5 20. b4 axb4
21. Rxb4 Ra8 22. a4 Ra5 23. e3 Rfa8 24. Bb5 Kf8 25. Kf1 Ke7 26. Ke2 Rd8 27. h4
Rd5 28. f4 f5 29. Rd4 Ne4 30. Bc6 Rxd4 31. exd4 Nc3+ 32. Kd3 Nd5 33. Rb1 Kf7 34.
Bxd5 Rxd5 35. Kc4 Ra5 36. Rb4 Ke7 37. Kb3 Kd7 38. Rc4 h5 39. Kb4 c6 40. Rc3 Rd5
41. Rc4 Kc7 42. Kc3 Kb7 43. Kb4 Rd7 44. Kc3 Rd8 45. Kb4 Rd5 46. Kc3 b5 47. Rb4
Kb6 48. Rb1 Rd8 49. Rb3 Ka5 50. axb5 cxb5 51. Ra3+ Kb6 52. Kd3 g6 53. Rb3 Rd7
54. Ra3 Rd8 55. Rb3 Ka6 56. Rc3 Kb7 57. Ra3 Rd7 58. Ra5 Kb6 59. Ra8 Re7 60. d5
exd5 61. Kd4 b4 62. Kxd5 b3 63. Ra3 Rd7+ 64. Kc4 Rd1 65. Rxb3+ Kc6 66. Rd3 Rc1+
67. Kb3 Rg1 68. Rd6+ Kc5 69. Rxg6 Kd5 70. Rg5 Ke4 71. Kc4 Kf3 72. Kd5 1-0

[Event "World Junior Open 2015"]
[Site "Khanty-Mansiysk RUS"]
[Date "2015.09.06"]
[Round "5.8"]
[White "Bluebaum, Matthias"]
[Black "Loiseau, Quentin"]
[Result "1-0"]
[WhiteTitle "GM"]
[BlackTitle "IM"]
[WhiteElo "2580"]
[BlackElo "2419"]
[WhiteFideId "24651516"]
[BlackFideId "665274"]
[EventDate "2015.09.02"]

1. d4 d5 2. c4 c6 3. Nf3 Nf6 4. Nc3 e6 5. e3 Nbd7 6. Qc2 Bd6 7. Bd3 O-O 8. O-O
dxc4 9. Bxc4 b5 10. Be2 Bb7 11. e4 e5 12. dxe5 Nxe5 13. Nd4 Neg4 14. g3 g6 15.
Nb3 a5 16. h3 Ne5 17. f4 Nc4 18. e5 a4 19. Bxc4 bxc4 20. Nd2 Bc5+ 21. Kh2 Nd5
22. Nde4 Bd4 23. Nxd5 cxd5 24. Nf6+ Kh8 25. Qd2 Qb6 26. Nd7 Qa7 27. f5 Rg8 28.
Qh6 gxf5 29. Qf6+ Rg7 30. Bh6 Rg8 31. Rxf5 Qa6 32. Bxg7+ Rxg7 33. Rd1 a3 34.
bxa3 c3 35. Rxd4 c2 36. Rf1 Qe2+ 37. Kh1 Ba6 38. Qd8+ Rg8 39. Qf6+ Rg7 40. Rdf4
d4 41. Qd8+ Rg8 42. Qf6+ Rg7 43. Nc5 Bc4 44. Qd8+ Rg8 45. Qf6+ Rg7 46. Qd8+ Rg8
47. Qxd4 Rxg3 48. e6+ f6 49. Qxf6+ Rg7 50. Qf8+ Rg8 51. Qxg8+ Kxg8 52. Rg1+ Kh8
53. Rf8# 1-0